[Event "OMA-ch 11th"]
[Site "Muscat"]
[Date "2024.01.30"]
[Round "8"]
[White "Al Hinai, Qusay"]
[Black "Al Mamari, Mohammed Salim"]
[Result "1-0"]
[WhiteElo "1481"]
[BlackElo "1583"]
[PlyCount "56"]
[EventDate "2024.01.24"]
[EventType "swiss"]
[EventRounds "9"]
[EventCountry "OMN"]
[SourceTitle "CB06_2024"]
[SourceDate "2024.02.07"]
[SourceVersion "1"]
[SourceVersionDate "2024.02.07"]
[SourceQuality "1"]

1. d4 e6 2. c4 Be7 3. Nc3 d6 4. e4 Nf6 5. Nf3 0-0 6. Qc2 Nfd7 7. e5 f5 8. h4 Nc6 9. Bf4 dxe5 10. dxe5 Nb4 11. Qe2 Nc5 12. Rd1 Qe8 13. a3 Nc6 14. b4 Nd7 15. Bg5 b6 16. Nb5 Bd8 17. Bxd8 Qxd8 18. Ng5 Qe7 19. Nxc7 Rb8 20. Ngxe6 Ndxe5 21. Nxf8 Qxc7 22. Nxh7 Be6 23. Ng5 Bxc4 24. Qh5 Qe7 25. Qh7+ Kf8 26. Qxf5+ Kg8 27. Be2 Bd3 28. Bxd3 Nc4+ 1-0

[Event "OMA-chT 6th"]
[Site "Muscat"]
[Date "2023.08.05"]
[Round "4.3"]
[White "Shybi, Binoj"]
[Black "Al Mamari, Mohammed Salim"]
[Result "1-0"]
[WhiteElo "1626"]
[BlackElo "1601"]
[PlyCount "71"]
[EventDate "2023.08.03"]
[EventType "team-swiss"]
[EventRounds "9"]
[EventCountry "OMN"]
[SourceTitle "EXT 2024"]
[Source "ChessBase"]
[SourceDate "2023.10.10"]
[SourceVersion "1"]
[SourceVersionDate "2023.10.10"]
[SourceQuality "1"]
[WhiteTeam "Salalah"]
[BlackTeam "Ibri"]
[WhiteTeamCountry "OMN"]
[BlackTeamCountry "OMN"]

1. e4 e5 2. Nf3 Nc6 3. Nc3 Bc5 4. Bb5 d6 5. d4 exd4 6. Nxd4 Nge7 7. Be3 Bb4 8. Nxc6 bxc6 9. Ba4 Ba6 10. Qd4 Bxc3+ 11. Qxc3 0-0 12. Bxc6 Nxc6 13. Qxc6 Qc8 14. f3 Re8 15. 0-0-0 Re5 16. Qc3 f6 17. Rd5 Re7 18. Ra5 c5 19. Rd1 Qc6 20. Bf4 Rd7 21. Qd2 Bc4 22. Be3 Rad8 23. Qc3 Bf7 24. Qa3 Qb7 25. Ra6 Bc4 26. Ra5 Kf8 27. b3 Be6 28. Ra6 Ke7 29. Bf4 h5 30. Rdxd6 Rxd6 31. Bxd6+ Rxd6 32. Rxa7 Qxa7 33. Qxa7+ Rd7 34. Qxc5+ Kf7 35. Qxh5+ Kf8 36. Qc5+ 1-0

[Event "Asia-ch Amateur"]
[Site "Muscat"]
[Date "2022.10.01"]
[Round "4"]
[White "Hamdan Edrees, Alhamed"]
[Black "Al Mamari, Mohammed Salim"]
[Result "1-0"]
[WhiteElo "1467"]
[BlackElo "1685"]
[PlyCount "69"]
[EventDate "2022.09.29"]
[EventType "swiss"]
[EventRounds "9"]
[EventCountry "OMN"]
[SourceTitle "CBM 210 Extra"]
[Source "ChessBase"]
[SourceDate "2022.11.30"]
[SourceVersion "1"]
[SourceVersionDate "2022.11.30"]
[SourceQuality "1"]

1. e4 d6 2. d4 Nd7 3. Nf3 g6 4. Bc4 Bg7 5. Bxf7+ Kxf7 6. Ng5+ Ke8 7. Ne6 Ngf6 8. Nxd8 Kxd8 9. Nc3 Rf8 10. 0-0 c6 11. e5 Ne8 12. f4 Kc7 13. Ne4 d5 14. Ng5 Nb6 15. Nxh7 Rh8 16. Ng5 Bf5 17. g4 Bc8 18. h3 e6 19. Qd3 Bh6 20. Nf7 Rh7 21. Qxg6 Rg7 22. Qh5 Rxf7 23. Qxf7+ Bd7 24. g5 Ng7 25. gxh6 Nf5 26. h7 Nxd4 27. c3 Nf5 28. Qg8 Rxg8+ 29. hxg8Q Nc8 30. Qg5 Nce7 31. h4 c5 32. h5 Nc6 33. h6 d4 34. h7 Ne3 35. Bxe3 1-0

[Event "OMA-chT Clubs"]
[Site "Muscat"]
[Date "2022.08.29"]
[Round "5.4"]
[White "Al Mamari, Mohammed Salim"]
[Black "Al Ghafri, Amer"]
[Result "0-1"]
[WhiteElo "1685"]
[BlackElo "1605"]
[PlyCount "100"]
[EventDate "2022.08.26"]
[EventType "team-swiss"]
[EventRounds "9"]
[EventCountry "OMN"]
[SourceTitle "EXT 2023"]
[Source "ChessBase"]
[SourceDate "2022.10.05"]
[SourceVersion "1"]
[SourceVersionDate "2022.10.05"]
[SourceQuality "1"]
[WhiteTeam "Ibri II"]
[BlackTeam "Majees White"]
[WhiteTeamCountry "OMN"]
[BlackTeamCountry "OMN"]

1. e4 d6 2. Bc4 Nf6 3. Nc3 c6 4. Nge2 Nbd7 5. d4 e5 6. 0-0 Be7 7. f4 0-0 8. fxe5 dxe5 9. Bg5 Qa5 10. Be3 b5 11. Bd3 b4 12. Nb1 Ng4 13. Bd2 Qb6 14. h3 Ngf6 15. c3 c5 16. Be3 exd4 17. cxd4 cxd4 18. Bxd4 Bc5 19. Bxc5 Nxc5 20. Kh1 Ncxe4 21. Qe1 Bb7 22. Nd2 Qe6 23. Nf4 Qe5 24. Qe3 Rfe8 25. Nc4 Qg5 26. Kh2 Rad8 27. Bxe4 Rxe4 28. Qxa7 Rxf4 29. Qxb7 Rxc4 30. Rad1 Rf8 31. Rd3 h6 32. Qa6 Rc2 33. Rg3 Qe5 34. Rxf6 Qxg3+ 35. Kxg3 gxf6 36. Qxf6 Re8 37. Qxh6 Re6 38. Qf4 Rxb2 39. Qb8+ Kg7 40. a4 bxa3 41. Qa7 Rg6+ 42. Kf3 Rbxg2 43. Qd4+ Kh7 44. Qh4+ Rh6 45. Qe4+ Rgg6 46. h4 a2 47. Qd4 Ra6 48. Qd3+ Rhg6 49. h5 a1Q 50. hxg6+ Rxg6 0-1

[Event "Muscat zt 3.1"]
[Site "Muscat"]
[Date "2015.05.21"]
[Round "6"]
[White "Iyti, Basher"]
[Black "Al Mamari, Mohammed Salim"]
[Result "1-0"]
[WhiteElo "2298"]
[BlackElo "1791"]
[PlyCount "79"]
[EventDate "2015.05.17"]
[EventType "swiss"]
[EventRounds "9"]
[EventCountry "OMN"]
[SourceTitle "CBM 166 Extra"]
[Source "ChessBase"]
[SourceDate "2015.06.18"]
[SourceVersion "1"]
[SourceVersionDate "2015.06.18"]
[SourceQuality "1"]

1. d4 f5 2. e4 fxe4 3. Nc3 Nf6 4. Bg5 c6 5. Bxf6 exf6 6. Nxe4 Qa5+ 7. c3 Be7 8. Bd3 0-0 9. Ne2 d5 10. N4g3 Qc7 11. Qc2 g6 12. 0-0-0 f5 13. h4 f4 14. Nf1 Bf5 15. Bxf5 Rxf5 16. h5 Bg5 17. Kb1 Nd7 18. hxg6 hxg6 19. Nh2 Kg7 20. g4 Rf7 21. Nf3 Be7 22. Rh3 Rg8 23. Nc1 Kf8 24. Nd3 Rfg7 25. Re1 Qd6 26. Rh6 Qf6 27. Qb3 b6 28. Qa4 a5 29. Nde5 Nb8 30. c4 Qd6 31. c5 Qc7 32. Qc2 b5 33. Rxg6 Qc8 34. Rxg7 Rxg7 35. Ng6+ Ke8 36. Nxe7 Rxe7 37. Qg6+ Kf8 38. Qf6+ Kg8 39. Rxe7 Qxg4 40. Re8+ 1-0

[Event "Muscat zt 3.1"]
[Site "Muscat"]
[Date "2015.05.18"]
[Round "2"]
[White "Al Mamari, Mohammed Salim"]
[Black "Tamra, Attallah"]
[Result "0-1"]
[WhiteElo "1791"]
[BlackElo "2080"]
[PlyCount "134"]
[EventDate "2015.05.17"]
[EventType "swiss"]
[EventRounds "9"]
[EventCountry "OMN"]
[SourceTitle "CBM 166 Extra"]
[Source "ChessBase"]
[SourceDate "2015.06.18"]
[SourceVersion "1"]
[SourceVersionDate "2015.06.18"]
[SourceQuality "1"]

1. e4 c5 2. Nf3 Nc6 3. Nc3 g6 4. Bc4 Bg7 5. 0-0 e6 6. d4 Nxd4 7. Nxd4 cxd4 8. Nb5 Qb6 9. c3 d5 10. exd5 exd5 11. Qe2+ Ne7 12. Bg5 Be6 13. Bd3 dxc3 14. Nxc3 Qc5 15. Rac1 d4 16. Ne4 Qb6 17. Nf6+ Kf8 18. Rfe1 Rd8 19. Bc4 h6 20. Bxe6 Qxe6 21. Qf3 Qf5 22. Nh7+ Kg8 23. Bxe7 Qxf3 24. gxf3 Kxh7 25. Bxd8 Rxd8 26. Rc7 d3 27. Rxb7 d2 28. Rd1 Kg8 29. Kf1 Be5 30. h4 Rd5 31. Rb4 g5 32. hxg5 hxg5 33. Ke2 Bf4 34. Rc4 Rb5 35. b4 a5 36. a4 Re5+ 37. Kf1 axb4 38. Rxb4 Ra5 39. Rd4 Kg7 40. Ke2 Re5+ 41. Kd3 Re1 42. Kc2 Kf6 43. a5 Re5 44. Ra4 Rc5+ 45. Kd3 Rc8 46. a6 Ke6 47. a7 Ra8 48. Ke4 f5+ 49. Kd3 Kd5 50. Rb1 Kc6 51. Kc2 Kc7 52. Rc4+ Kd6 53. Rb7 Kd5 54. Rc3 Kd4 55. Rd7+ Ke5 56. Rcc7 Ke6 57. Rb7 Rc8+ 58. Kb3 Bd6 59. Rxd6+ Kxd6 60. Rb6+ Kd5 61. a8Q+ Rxa8 62. Kc2 Ra2+ 63. Kd1 Ke5 64. Rb4 Ra3 65. Ke2 Rxf3 66. Rb2 Rxf2+ 67. Kd1 Rf1+ 0-1